=LDR 00000nam 2200000 4500 =001 INLIS000000000032745 =005 20210506010407 =035 ##$$a 0010-061300000032745 =008 210506###########################0#ind## =041 ##$$a ind =082 ##$$a 338.62 =090 ##$$a 338.62, Per b =100 ##$$a Permana, Sudaryat =245 1#$$a Bikin Perusahaan itu gampang : $b Pedoman Praktis Mendirikan Usaha Dagang /$c Sudrajad Permana, SH. M.H =260 ##$$a Yogyakarta :$b Media Pressindo,$c 2009 =300 ##$$a x,126 hlm : $b Ilus ; $c 23 cm =650 #4$$a Pekerjaan - Perseroan =850 ##$$a NBPNMAT =020 ##$$a 979-788-146-6 =084 ##$$a 338.62 Per b =990 ##$$a 21002043 =990 ##$$a 21002041 =990 ##$$a 21002042 =990 ##$$a 21002041 =990 ##$$a 21002043 =990 ##$$a 21002041 =990 ##$$a 21002042 =990 ##$$a 21002041